[Event "EU-ch U10 27th"]
[Site "Mamaia"]
[Date "2017.09.11"]
[Round "6"]
[White "Van Foreest, Machteld"]
[Black "Radoi, Matei"]
[Result "1-0"]
[WhiteElo "1877"]
[BlackElo "1569"]
[PlyCount "69"]
[EventDate "2017.09.05"]
[EventType "swiss"]
[EventRounds "9"]
[EventCountry "ROU"]
[SourceTitle "CBM 180 Extra"]
[Source "ChessBase"]
[SourceDate "2017.10.06"]
[SourceVersion "1"]
[SourceVersionDate "2017.10.06"]
[SourceQuality "1"]

1. e4 c6 2. d4 d5 3. exd5 cxd5 4. c4 Nf6 5. Nc3 g6 6. Bg5 Nbd7 7. cxd5 Nb6 8. Bxf6 exf6 9. Bb5+ Bd7 10. Qe2+ Qe7 11. Bxd7+ Kxd7 12. Ne4 Qb4+ 13. Kf1 Nxd5 14. Nf3 Re8 15. a3 Qb3 16. g3 b6 17. Kg2 Bg7 18. Nfd2 Qa4 19. b3 Qc6 20. Rac1 Qb7 21. Qb5+ Kd8 22. Rc6 Nc7 23. Rd6+ Kc8 24. Qd7+ Kb8 25. Rc1 Re6 26. Qd8+ Qc8 27. Qxc8+ Rxc8 28. Rd7 Bh6 29. f4 f5 30. Nd6 Rf8 31. Nf3 Bg7 32. Ng5 Rf6 33. Nxh7 Re6 34. Nxf8 Bxf8 35. Rd8# 1-0

[Event "EU-ch U10 27th"]
[Site "Mamaia"]
[Date "2017.09.08"]
[Round "4"]
[White "Navumenka, Mikhei"]
[Black "Radoi, Matei"]
[Result "1-0"]
[WhiteElo "1786"]
[BlackElo "1569"]
[PlyCount "95"]
[EventDate "2017.09.05"]
[EventType "swiss"]
[EventRounds "9"]
[EventCountry "ROU"]
[SourceTitle "CBM 180 Extra"]
[Source "ChessBase"]
[SourceDate "2017.10.06"]
[SourceVersion "1"]
[SourceVersionDate "2017.10.06"]
[SourceQuality "1"]

1. e4 c6 2. d3 d5 3. Nd2 e5 4. Ngf3 Bd6 5. g3 Nf6 6. Bg2 0-0 7. exd5 cxd5 8. 0-0 Nc6 9. Re1 Re8 10. Nf1 h6 11. Ne3 Be6 12. c3 Qc7 13. d4 Rad8 14. dxe5 Nxe5 15. Nd4 a6 16. Nef5 Ng6 17. Nxd6 Qxd6 18. Be3 Nd7 19. Nxe6 fxe6 20. c4 Nde5 21. cxd5 exd5 22. Bd4 Nc6 23. Qd2 Nge7 24. Rac1 Qd7 25. Rcd1 Rf8 26. Bb6 Rc8 27. Bxd5+ Nxd5 28. Qxd5+ Qxd5 29. Rxd5 Nb4 30. Rd7 Rf7 31. Red1 Nxa2 32. Rxf7 Kxf7 33. Rd7+ Kg8 34. Rxb7 Rc6 35. Bd4 g5 36. Kg2 Nc1 37. Rb6 Rxb6 38. Bxb6 Nd3 39. Bd4 Kf7 40. Kf3 Ke6 41. Ke4 Nb4 42. g4 Kf7 43. Bc3 Nc6 44. Kd5 Ne7+ 45. Kc5 Ng6 46. Kb6 Nh4 47. Kxa6 Nf3 48. b4 1-0

[Event "ROM-ch U10"]
[Site "Calimanesti Caciulata"]
[Date "2016.04.24"]
[Round "8"]
[White "Dragomir, Andrei Darius"]
[Black "Radoi, Matei"]
[Result "0-1"]
[WhiteElo "1516"]
[BlackElo "1433"]
[PlyCount "107"]
[EventDate "2016.04.18"]
[EventType "swiss"]
[EventRounds "9"]
[EventCountry "ROU"]
[SourceTitle "EXT 2017"]
[Source "ChessBase"]
[SourceDate "2016.10.25"]
[SourceVersion "1"]
[SourceVersionDate "2016.10.25"]
[SourceQuality "1"]

1. e4 e5 2. Nf3 Nc6 3. Nc3 Nf6 4. d4 exd4 5. Nxd4 Bb4 6. Nxc6 bxc6 7. Bd3 d5 8. exd5 cxd5 9. 0-0 0-0 10. Qf3 c6 11. Bg5 Be7 12. Rfe1 Rb8 13. Rab1 Re8 14. h3 h6 15. Bh4 Be6 16. a3 c5 17. Ne2 d4 18. Nf4 Ba2 19. Ra1 Rxb2 20. Qe2 g5 21. Bb5 d3 22. Nxd3 Rxb5 23. Bxg5 hxg5 24. Rxa2 Bd6 25. Qd1 Rxe1+ 26. Qxe1 Qe8 27. Qxe8+ Nxe8 28. Kf1 Nf6 29. Ra1 c4 30. Nc1 Ra5 31. a4 Nd5 32. Ne2 Nb6 33. Nd4 Rxa4 34. Rxa4 Nxa4 35. Nf5 Bc5 36. Nh6+ Kg7 37. Ng4 f6 38. Nh2 Nc3 39. Nf3 Ne4 40. Ke2 a5 41. Nd2 Nxd2 42. Kxd2 Bb4+ 43. Kc1 Kg6 44. g3 Kf5 45. c3 Bxc3 46. h4 gxh4 47. gxh4 Kg4 48. f3+ Kxf3 49. h5 f5 50. Kc2 Bd4 51. h6 Ke2 52. h7 f4 53. Kb1 f3 54. Kc1 0-1

[Event "ROM-ch U10"]
[Site "Calimanesti Caciulata"]
[Date "2016.04.20"]
[Round "3"]
[White "Radoi, Matei"]
[Black "Tampea, Radu"]
[Result "1-0"]
[WhiteElo "1433"]
[BlackElo "1616"]
[PlyCount "87"]
[EventDate "2016.04.18"]
[EventType "swiss"]
[EventRounds "9"]
[EventCountry "ROU"]
[SourceTitle "CBM 172 Extra"]
[Source "ChessBase"]
[SourceDate "2016.06.21"]
[SourceVersion "1"]
[SourceVersionDate "2016.06.21"]
[SourceQuality "1"]

1. Nf3 f5 2. c4 e6 3. Nc3 Nf6 4. g3 c6 5. Bg2 d5 6. cxd5 exd5 7. d4 Bd6 8. 0-0 0-0 9. Ne5 Nbd7 10. f4 Ne4 11. Nxe4 fxe4 12. Qa4 Nb6 13. Qc2 Bf5 14. e3 Qc8 15. Bd2 Bh3 16. a4 Bxg2 17. Kxg2 Nd7 18. b4 a6 19. Rfc1 Bxe5 20. dxe5 Nb6 21. Qb3 Nc4 22. Rxc4 dxc4 23. Qxc4+ Kh8 24. Qxe4 Qd7 25. Bc3 Qe6 26. Rb1 Rfd8 27. Bd4 Qd5 28. Qxd5 cxd5 29. Rc1 Rac8 30. Rc5 Rxc5 31. Bxc5 Kg8 32. g4 Re8 33. h4 Kf7 34. Kf3 g6 35. e4 Ke6 36. Ke3 Rd8 37. Bd4 Rc8 38. f5+ Ke7 39. exd5 Rc4 40. Bc5+ Kf7 41. e6+ Ke8 42. f6 b6 43. f7+ Kd8 44. f8Q+ 1-0